书目信息 |
| 题名: |
线性泛函分析
|
|
| 作者: | Rynne, , 杨森, , 瑞利, , Youngson, 著 | |
| 分册: | ||
| 出版信息: | 北京 清华大学出版社 2005.12 |
|
| 页数: | 273页 | |
| 开本: | 23cm | |
| 丛书名: | ||
| 单 册: | ||
| 中图分类: | O177:H31 | |
| 科图分类: | ||
| 主题词: | 泛函分析--fan han fen xi--高等学校--教材--英文 | |
| 电子资源: | ||
| ISBN: | 7-302-12139-7 | |
| 000 | 01160nam0 2200289 45 | |
| 001 | 012005000794 | |
| 005 | 20061114091832.26 | |
| 010 | @a7-302-12139-7@dCNY29.00 | |
| 100 | @a20060313d2005 em y0chiy0121 ea | |
| 101 | 0 | @aeng@dchi@fchi@gchi |
| 102 | @aCN@b110000 | |
| 105 | @ay z 001yy | |
| 200 | 1 | @a线性泛函分析@Axian xing fan han fen xi@d= Linear functional analysis@f瑞利[Bryan P. Rynne], 杨森[Martin A. Youngson]著@zeng |
| 210 | @a北京@c清华大学出版社@d2005.12 | |
| 215 | @a273页@d23cm | |
| 306 | @aSpringer-Verlag授权出版 | |
| 320 | @a有索引 (第271-273页) | |
| 330 | @a本书以较小的篇幅介绍了线性泛函分析的基本内容: 赋范空间和Banach空间, 内积空间和Hilbert空间, 线性算子, 紧算子及其在积分方程和微分方程中的应用。 | |
| 510 | 1 | @aLinear functional analysis@zeng |
| 606 | 0 | @a泛函分析@Afan han fen xi@x高等学校@j教材@j英文 |
| 690 | @aO177:H31@v4 | |
| 701 | 1 | @aRynne,@bB. P.@g(Rynne, Bryan P.)@4著 |
| 701 | 1 | @a杨森,@Ayang sen@bM. A.@g(Youngson, Martin A.)@4著 |
| 701 | 1 | @a瑞利,@Arui li@bB. P.@g(Rynne, Bryan P.)@4著 |
| 701 | 1 | @aYoungson,@bM. A.@g(Youngson, Martin A.)@4著 |
| 801 | 0 | @aCN@c20061114 |
| 905 | @a10447@dO177:H31@eR930 | |
| 线性泛函分析= Linear functional analysis/瑞利[Bryan P. Rynne], 杨森[Martin A. Youngson]著.-北京:清华大学出版社,2005.12 |
| 273页;23cm |
| ISBN 7-302-12139-7:CNY29.00 |
| 本书以较小的篇幅介绍了线性泛函分析的基本内容: 赋范空间和Banach空间, 内积空间和Hilbert空间, 线性算子, 紧算子及其在积分方程和微分方程中的应用。 |
| ● |
| 相关链接 |
|
|
|
正题名:线性泛函分析
索取号:O177:H31/R930
 
预约/预借
| 序号 | 登录号 | 条形码 | 馆藏地/架位号 | 状态 | 备注 |
| 1 | 638182 | 206381823 | 自科库401/401自科库 45排6列5层/ [索取号:O177:H31/R930] | 在馆 | |
| 2 | 638183 | 206381832 | 自科库401/401自科库 45排6列5层/ [索取号:O177:H31/R930] | 在馆 | |
| 3 | 638184 | 206381841 | 自科库401/401自科库 45排6列5层/ [索取号:O177:H31/R930] | 在馆 |